[Event "27e tournoi 1hKO"]
[Site "Montigny le Bretonneux"]
[Date "2025.06.01"]
[Round "7.15"]
[White "Adsul, Tanush"]
[Black "Gabory, Donatien"]
[Result "0-1"]
[WhiteElo "1299"]
[BlackElo "1299"]
[Annotator "Rivier,Sylvain"]
[PlyCount "96"]
[EventDate "2025.??.??"]
[WhiteTeam "La Dame Noire"]
[BlackTeam "Club d'Echecs de Guyancourt"]

{Partie du pion dame} 1. d4 d5 2. Nf3 Bf5 3. Bf4 e6 4. e3 c5 5. c3 Nc6 6. Bd3
Bxd3 7. Qxd3 c4 8. Qc2 Be7 9. Nbd2 Nf6 10. O-O Rb8 11. Rfe1 b5 12. Bxb8 Qxb8
13. a3 O-O 14. Ne5 Nxe5 15. dxe5 Qxe5 16. Nf3 Qd6 17. Rad1 Ne4 18. Nd2 f5 19.
f3 Nc5 20. e4 fxe4 21. fxe4 Nd3 22. Nf3 Qb6+ 23. Nd4 Nxe1 24. Rxe1 e5 25. exd5
Bd6 26. Qe4 exd4 27. Qe6+ Kh8 28. Qe8 dxc3+ 29. Kh1 cxb2 30. g3 b1=Q 31. Qxf8+
Bxf8 32. Rxb1 Qd4 33. Rxb5 h6 34. Rb8 Qxd5+ 35. Kg1 Qd6 36. Rc8 Kh7 37. Rxc4
Qb6+ 38. Kg2 Qb3 39. Rf4 Qc2+ 40. Rf2 Qe4+ 41. Rf3 g5 42. g4 h5 43. h3 Bc5 44.
gxh5 Qe2+ 45. Kg3 Bd6+ 46. Kg4 Qg2+ 47. Kf5 Qxf3+ 48. Kxg5 Qf4# 0-1

[Event "27e tournoi 1hKO"]
[Site "Montigny le Bretonneux"]
[Date "2025.06.01"]
[Round "7.16"]
[White "Couradin, Bruno"]
[Black "Cros, Isidore"]
[Result "0-1"]
[WhiteElo "1554"]
[BlackElo "1439"]
[Annotator "Rivier,Sylvain"]
[PlyCount "79"]
[EventDate "2025.??.??"]
[WhiteTeam "La Dame Noire"]
[BlackTeam "Le Petit Pouchet Paris"]

{Défense française, variante d'échange} 1. e4 e6 2. Nc3 d5 3. exd5 exd5 4.
d4 Nf6 5. Bg5 c6 6. Nf3 Bd6 7. Bd3 O-O 8. O-O Bg4 9. h3 Bh5 10. Be2 Nbd7 11.
Nh4 Bxe2 12. Qxe2 Qb6 13. Nf5 Rfe8 14. Qd3 Qc7 15. Nxd6 Qxd6 16. Bf4 Ne4 17.
Nxe4 Rxe4 18. Bg3 Qe6 19. Qd1 Re8 20. f3 Re2 21. Be5 Re3 22. Qd2 Qh6 23. f4 Re4
24. Rae1 Nxe5 25. Rxe4 dxe4 26. dxe5 Qe6 27. b3 h6 28. Qd4 b6 29. Qxe4 Rd8 30.
f5 Qd5 31. Qe2 Re8 32. Re1 Qd7 33. e6 fxe6 34. fxe6 Qd6 35. c4 c5 36. Qe4 Re7
37. Qd5 Qc7 38. Rf1 Qc8 39. Rf7 Rxe6 40. Rxa7 {suite illisible} 0-1

[Event "27e tournoi 1hKO"]
[Site "Montigny le Bretonneux"]
[Date "2025.06.01"]
[Round "7.17"]
[White "Gabory, Clement"]
[Black "Couradin, Jean-Marie"]
[Result "0-1"]
[WhiteElo "1299"]
[BlackElo "1712"]
[Annotator "Rivier,Sylvain"]
[PlyCount "82"]
[EventDate "2025.??.??"]
[WhiteTeam "Club d'Echecs de Guyancourt"]
[BlackTeam "La Dame Noire"]

{Défense moderne} 1. e4 d6 2. Nf3 g6 3. Bc4 Bg7 4. O-O Nd7 5. d3 a6 6. Nc3 e6
7. Bg5 Ne7 8. Qe2 b5 9. Bb3 Bb7 10. h3 O-O 11. Rfe1 Rc8 12. a4 b4 13. Na2 c5
14. c3 a5 15. Qd2 Re8 16. Bh6 bxc3 17. bxc3 Qc7 18. Rab1 Ne5 19. Be3 Nxf3+ 20.
gxf3 Nc6 21. Kh1 Ne5 22. Qe2 Ba6 23. Rbd1 Nxd3 24. Rxd3 Bxd3 25. Qxd3 c4 26.
Bxc4 Qxc4 27. Qxc4 Rxc4 28. Bb6 Rxa4 29. Ra1 Bxc3 30. Rc1 Rxa2 31. Rxc3 a4 32.
Bd4 e5 33. Be3 Kg7 34. Bc1 Rb8 35. Kg2 Rb3 36. Rxb3 axb3 37. Kf1 Ra1 38. Ke1
Rxc1+ 39. Kd2 b2 40. Kd3 b1=Q+ 41. Kd2 Rc2+ 0-1

[Event "27e tournoi 1hKO"]
[Site "Montigny le Bretonneux"]
[Date "2025.06.01"]
[Round "7.18"]
[White "Orfila, Hugo"]
[Black "Ouaddi, Oussama"]
[Result "0-1"]
[WhiteElo "1299"]
[BlackElo "1566"]
[Annotator "Rivier,Sylvain"]
[PlyCount "62"]
[EventDate "2025.??.??"]
[WhiteTeam "Club d'Echecs de Guyancourt"]
[BlackTeam "Club d'Echecs de Triel sur Seine"]

{Défense sicilienne} 1. e4 c5 2. Nf3 a6 3. Nc3 d6 4. Bc4 e6 5. d3 b5 6. Bb3
Nc6 7. a3 Nf6 8. Be3 Be7 9. Qd2 O-O 10. O-O-O e5 11. Bg5 Nd4 12. Nxd4 cxd4 13.
Nd5 Nxd5 14. Bxd5 Bxg5 15. Bxa8 Bxd2+ 16. Rxd2 Be6 17. Bd5 Bxd5 18. exd5 Qa8
19. c4 bxc4 20. dxc4 Rc8 21. Rc2 a5 22. g3 Qa7 23. f4 e4 24. Re1 d3 25. Rc3 Qd4
26. Rd1 Rxc4 27. Rxc4 Qxc4+ 28. Kd2 Qc2+ 29. Ke3 Qxd1 30. Kxe4 d2 31. Kd3 Qc1
0-1

[Event "27e tournoi 1hKO"]
[Site "Montigny le Bretonneux"]
[Date "2025.06.01"]
[Round "7.19"]
[White "Fasquelle, Yann"]
[Black "Bouloc, Roger"]
[Result "1-0"]
[WhiteElo "1516"]
[BlackElo "1438"]
[Annotator "Rivier,Sylvain"]
[PlyCount "45"]
[EventDate "2025.??.??"]
[WhiteTeam "Saint-Quentin en Yvelines"]
[BlackTeam "La Dame Noire"]

{Défense sicilienne, variante Najdorf} 1. e4 c5 2. Nf3 d6 3. d4 cxd4 4. Nxd4
Nc6 5. Be3 Nf6 6. f3 a6 7. Nc3 e5 8. Nxc6 bxc6 9. Bc4 Be7 10. Qd2 O-O 11. O-O-O
Bb7 12. Bb3 Qc8 13. h3 a5 14. g4 h6 15. Rhg1 Qd8 16. g5 hxg5 17. Bxg5 Ne8 18.
h4 Bxg5 19. hxg5 g6 20. Qh2 Ng7 21. Qh6 Nh5 22. Qxg6+ Ng7 23. Rh1 1-0

[Event "27e tournoi 1hKO"]
[Site "Montigny le Bretonneux"]
[Date "2025.06.01"]
[Round "7.20"]
[White "Carbonero, Jean Marc"]
[Black "Badjate, Nishchal"]
[Result "0-1"]
[WhiteElo "1399"]
[BlackElo "1470"]
[Annotator "Rivier,Sylvain"]
[PlyCount "45"]
[EventDate "2025.??.??"]
[WhiteTeam "La Dame Noire"]
[BlackTeam "La Dame Noire"]

{Défense sicilienne, variante Rossolimo} 1. e4 c5 2. Nf3 Nc6 3. Be2 g6 4. O-O
Bg7 5. a3 Nf6 6. Nc3 O-O 7. d3 e6 8. Be3 b6 9. d4 cxd4 10. Nxd4 Nxd4 11. Bxd4
d5 12. e5 Nd7 13. Nb5 Nxe5 14. f4 Nc4 15. b3 e5 16. fxe5 Nxe5 17. c4 Bb7 18. c5
bxc5 19. Bxc5 Nd7 20. Bxf8 Bxa1 21. Qxa1 Qxf8 22. a4 Qc5+ 23. Kh1 {suite
illisible} 0-1

[Event "27e tournoi 1hKO"]
[Site "Montigny le Bretonneux"]
[Date "2025.06.01"]
[Round "7.21"]
[White "Leblanc, Didier"]
[Black "Bellabas, Alia"]
[Result "0-1"]
[WhiteElo "1399"]
[BlackElo "1399"]
[Annotator "Rivier,Sylvain"]
[PlyCount "54"]
[EventDate "2025.??.??"]
[WhiteTeam "Saint-Quentin en Yvelines"]
[BlackTeam "Club d'Echecs Perrotin"]

{Gambit dame accepté} 1. d4 d5 2. c4 dxc4 3. e3 Nc6 4. Bxc4 e6 5. Nf3 Bb4+ 6.
Nc3 Nf6 7. O-O O-O 8. Qe2 a6 9. e4 Nxd4 10. Nxd4 Qxd4 11. Be3 Qe5 12. g3 b5 13.
Bb3 Bb7 14. a3 Bxc3 15. bxc3 Nxe4 16. Rac1 Rad8 17. f3 Ng5 18. Bxg5 Qxe2 19.
Rf2 Qe5 20. Bf4 Qc5 21. a4 bxa4 22. Bxa4 Bc6 23. Bxc6 Qxc6 24. Rff1 f6 25. g4
e5 26. Be3 Rd3 27. Bf2 Qxf3 0-1

[Event "27e tournoi 1hKO"]
[Site "Montigny le Bretonneux"]
[Date "2025.06.01"]
[Round "7.22"]
[White "El Hamoui, Noah"]
[Black "Orfila, Leila"]
[Result "1-0"]
[WhiteElo "1299"]
[BlackElo "1299"]
[Annotator "Rivier,Sylvain"]
[PlyCount "81"]
[EventDate "2025.??.??"]
[WhiteTeam "Saint-Quentin en Yvelines"]
[BlackTeam "Club d'Echecs de Guyancourt"]

{Début Ponziani} 1. e4 e5 2. Nf3 Nc6 3. d4 f6 4. dxe5 fxe5 5. Bc4 Nf6 6. Nc3
Bd6 7. Bg5 b6 8. Nd5 Bb7 9. Nxf6+ gxf6 10. Bh6 Qe7 11. Qd3 O-O-O 12. Ba6 Na5
13. O-O Qf7 14. Bd2 Qg6 15. Bxa5 Rhg8 16. g3 bxa5 17. Qb5 Bxa6 18. Qxa6+ Kb8
19. Rfe1 Ka8 20. Nh4 Qg4 21. Nf5 Bc5 22. Ne3 Qf3 23. Qxa5 Bb6 24. Qd5+ c6 25.
Qd3 h5 26. Qe2 Qxe4 27. Nc4 Bc5 28. Qxe4 d5 29. Qf3 h4 30. Na5 hxg3 31. hxg3
Rh8 32. Nxc6 Rd7 33. Kg2 e4 34. Qxf6 Rdh7 35. Rh1 Rf8 36. Qxf8+ Bxf8 37. Rxh7
Bc5 38. b4 Bb6 39. a4 a5 40. bxa5 Bc5 41. Rb1 1-0

[Event "27e tournoi 1hKO"]
[Site "Montigny le Bretonneux"]
[Date "2025.06.01"]
[Round "8.1"]
[White "Thibous, Mathis"]
[Black "Chevrier, Denis"]
[Result "1-0"]
[WhiteElo "2145"]
[BlackElo "1734"]
[Annotator "Rivier,Sylvain"]
[PlyCount "42"]
[EventDate "2025.??.??"]
[WhiteTeam "Fontainebleau-Avon"]
[BlackTeam "Club d'Echecs de l'Arpajonnais"]

1. Nf3 d5 2. g3 e6 3. Bg2 Nf6 4. O-O Be7 5. d3 O-O 6. Re1 c5 7. Nbd2 Nc6 8. e4
Qc7 9. e5 Nd7 10. Qe2 Nd4 11. Nxd4 cxd4 12. Nf3 Bc5 13. h4 Re8 14. h5 f6 15.
exf6 Nxf6 16. h6 e5 17. Nxe5 Bd6 18. f4 Bg4 19. Bxd5+ Kf8 20. Bf3 Bxf3 21. Qxf3
Bxe5 {suite illisible} 1-0

[Event "27e tournoi 1hKO"]
[Site "Montigny le Bretonneux"]
[Date "2025.06.01"]
[Round "8.2"]
[White "Suffert, Martin"]
[Black "Thibous, Leo"]
[Result "1-0"]
[WhiteElo "1896"]
[BlackElo "1862"]
[Annotator "Rivier,Sylvain"]
[PlyCount "68"]
[EventDate "2025.??.??"]
[WhiteTeam "la Tour des Clayes"]
[BlackTeam "Fontainebleau-Avon"]

{Ouverture anglaise, variante sicilienne fermée inversée} 1. Nf3 g6 2. g3 Bg7
3. Bg2 d6 4. c4 Nc6 5. O-O e5 6. Nc3 Nge7 7. d3 O-O 8. Rb1 h6 9. b4 f5 10. Qc2
g5 11. b5 Nb8 12. a4 Ng6 13. Ba3 g4 14. Nd2 Nd7 15. Nd5 Nc5 16. a5 Ne6 17. Bb2
c5 18. bxc6 bxc6 19. Nb4 Bd7 20. Nxc6 Bxc6 21. Bxc6 Ng5 22. c5 Nh3+ 23. Kh1 Rc8
24. cxd6 Qxd6 25. Qb3+ Kh8 26. Bb7 Rfe8 27. a6 Rcd8 28. Rbc1 Kh7 29. Ba3 Qd4
30. Bc5 Qd7 31. Bxa7 e4 32. Nc4 exd3 33. exd3 Bd4 34. Bxd4 Qxd4 {suite
illisible} 1-0

[Event "27e tournoi 1hKO"]
[Site "Montigny le Bretonneux"]
[Date "2025.06.01"]
[Round "8.3"]
[White "Almeida, Oscar Coelho"]
[Black "Fasquelle, Cedric"]
[Result "1-0"]
[WhiteElo "1822"]
[BlackElo "1774"]
[Annotator "Rivier,Sylvain"]
[PlyCount "87"]
[EventDate "2025.??.??"]
[WhiteTeam "Saint-Quentin en Yvelines"]
[BlackTeam "Saint-Quentin en Yvelines"]

{Gambit dame, système Ragozin} 1. d4 Nf6 2. c4 e6 3. Nc3 Bb4 4. Qc2 d5 5. Nf3
Ne4 6. g3 b6 7. Bg2 O-O 8. O-O Bb7 9. cxd5 exd5 10. Bf4 c6 11. Ne5 Nxc3 12.
bxc3 Bd6 13. Rfd1 Ba6 14. Rd2 f6 15. Nxc6 Nxc6 16. Bxd5+ Kh8 17. Bxc6 Bxf4 18.
gxf4 Rc8 19. d5 Bc4 20. Rd4 b5 21. a4 a6 22. axb5 axb5 23. Ra7 f5 24. Bd7 Rb8
25. Bxf5 Qh4 26. Qe4 Rbe8 27. Be6 Rf6 28. f5 Qh6 29. Qf4 g5 30. Qg4 Rd8 31. e4
Rff8 32. e5 Qh4 33. Qxh4 gxh4 34. f6 Rg8+ 35. Bxg8 Rxg8+ 36. Rg7 Ra8 37. Rxc4
bxc4 38. Kg2 Ra3 39. e6 Rxc3 40. h3 Ra3 41. Rc7 h6 42. d6 Ra6 43. e7 Ra8 44. f7
1-0

[Event "27e tournoi 1hKO"]
[Site "Montigny le Bretonneux"]
[Date "2025.06.01"]
[Round "8.4"]
[White "Plantet, Marc"]
[Black "Krivcenko, Aleksandrs"]
[Result "0-1"]
[WhiteElo "1854"]
[BlackElo "1919"]
[Annotator "Rivier,Sylvain"]
[PlyCount "62"]
[EventDate "2025.??.??"]
[WhiteTeam "La Dame Noire"]
[BlackTeam "Fontainebleau-Avon"]

{Partie du pion dame} 1. d4 Nf6 2. Nc3 d5 3. Bf4 a6 4. e3 Bg4 5. f3 Bd7 6. Bd3
e6 7. Nge2 c5 8. Ng3 Nc6 9. O-O cxd4 10. exd4 Nxd4 11. Re1 Nc6 12. Nf5 Bc5+ 13.
Kh1 O-O 14. Nd6 Qc7 15. Nde4 Nxe4 16. Nxe4 Qxf4 17. Nxc5 Bc8 18. c3 h5 19. Bc2
Ne5 20. Qe2 Nd7 21. Nd3 Qh6 22. Rad1 Nf6 23. Ne5 Bd7 24. c4 Bc6 25. Rd4 Rac8
26. Rh4 dxc4 27. Nxc6 Rxc6 28. Rxc4 Rfc8 29. Bb3 Rxc4 30. Bxc4 b5 31. Bxe6 Re8
0-1

[Event "27e tournoi 1hKO"]
[Site "Montigny le Bretonneux"]
[Date "2025.06.01"]
[Round "8.5"]
[White "Forissier, Nicolas"]
[Black "Alluch Abdellach, Nordin"]
[Result "1-0"]
[WhiteElo "1890"]
[BlackElo "1665"]
[Annotator "Rivier,Sylvain"]
[PlyCount "55"]
[EventDate "2025.??.??"]
[WhiteTeam "La Dame Noire"]
[BlackTeam "Saint-Quentin en Yvelines"]

{Défense Benoni} 1. d4 c5 2. d5 d6 3. c4 Nf6 4. Nc3 e6 5. g3 Na6 6. Bg2 e5 7.
Nf3 Bf5 8. Nh4 Bd7 9. O-O Be7 10. e4 Nc7 11. a4 a6 12. Nf5 O-O 13. f4 Bxf5 14.
exf5 Nd7 15. Ne4 Ne8 16. g4 exf4 17. Bxf4 Ne5 18. Ra3 Nxc4 19. Rh3 Ne5 20. g5
c4 21. Qh5 h6 22. f6 Bxf6 23. gxf6 Nxf6 24. Nxf6+ Qxf6 25. Rg3 Kh7 26. Be4+ Ng6
27. Bxh6 Qd4+ 28. Be3+ 1-0

[Event "27e tournoi 1hKO"]
[Site "Montigny le Bretonneux"]
[Date "2025.06.01"]
[Round "8.6"]
[White "Fayolle, Guy"]
[Black "Alami Messaoudi, Wissam"]
[Result "1/2-1/2"]
[WhiteElo "1683"]
[BlackElo "1784"]
[Annotator "Rivier,Sylvain"]
[PlyCount "70"]
[EventDate "2025.??.??"]
[WhiteTeam "Saint-Quentin en Yvelines"]
[BlackTeam "La Dame Noire"]

{Défense Caro-Kann, variante d'échange} 1. e4 c6 2. Nf3 d5 3. exd5 cxd5 4. d4
Nc6 5. c3 Nf6 6. Bg5 Bg4 7. Bd3 e6 8. Nbd2 Be7 9. h3 Bh5 10. g4 Bg6 11. Bxg6
hxg6 12. Qa4 Nxg4 13. Bxe7 Qxe7 14. Ke2 Nf6 15. Ne5 Qc7 16. Ndf3 O-O 17. Rhg1
Nxe5 18. Nxe5 b5 19. Qd1 a5 20. Qd3 b4 21. cxb4 axb4 22. Rac1 Qa7 23. Ra1 Rfc8
24. Rgd1 Rc7 25. Rd2 Rac8 26. f3 Qb6 27. Qb3 Ne8 28. a3 Nd6 29. axb4 Nf5 30.
Rad1 Rb8 31. Kf2 Qxb4 32. Qxb4 Rxb4 33. Ke2 Rcb7 34. Nc6 Rxb2 35. Rxb2 Rxb2+ {
suite non notée} 1/2-1/2

[Event "27e tournoi 1hKO"]
[Site "Montigny le Bretonneux"]
[Date "2025.06.01"]
[Round "8.7"]
[White "Payot, Guillaume"]
[Black "Neveu, Raphael"]
[Result "0-1"]
[WhiteElo "1729"]
[BlackElo "1741"]
[Annotator "Rivier,Sylvain"]
[PlyCount "55"]
[EventDate "2025.??.??"]
[WhiteTeam "CE Le Roi Soleil - Le Chesnay - Versailles"]
[BlackTeam "La Dame Noire"]

{Défense Nimzo-indienne, variante Botvinnik} 1. d4 Nf6 2. c4 e6 3. Nc3 Bb4 4.
f3 d5 5. a3 Bxc3+ 6. bxc3 c5 7. e3 O-O 8. Bd3 Nc6 9. Ne2 b6 10. cxd5 exd5 11.
O-O Re8 12. Ng3 h6 13. Ra2 Qc7 14. Raf2 cxd4 15. cxd4 Bb7 16. Rc2 Qd7 17. Bb5
Rac8 18. Re2 Qe6 19. e4 a6 20. Ba4 dxe4 21. fxe4 Qc4 22. Bb2 Red8 23. Bb3 Qb5
24. e5 Nd5 25. Ne4 Rc7 26. Nd6 Qa5 27. Qd3 Re7 28. Qg3 {suite illisible} 0-1

[Event "27e tournoi 1hKO"]
[Site "Montigny le Bretonneux"]
[Date "2025.06.01"]
[Round "8.9"]
[White "Salagnac, Sowan"]
[Black "Saint-Esteben, Anton"]
[Result "1-0"]
[WhiteElo "1640"]
[BlackElo "1650"]
[Annotator "Rivier,Sylvain"]
[PlyCount "71"]
[EventDate "2025.??.??"]
[WhiteTeam "Saint-Quentin en Yvelines"]
[BlackTeam "Club d'Echecs du Vesinet"]

{Défense scandinave} 1. e4 d5 2. exd5 Qxd5 3. Nc3 Qa5 4. d4 Bf5 5. Nf3 Nd7 6.
Bd3 Bxd3 7. Qxd3 Ngf6 8. O-O e6 9. Be3 c6 10. Ne4 Qc7 11. Bg5 Be7 12. Rfe1 O-O
13. Bh4 Rfe8 14. Bg3 Qb6 15. a3 Nh5 16. Bd6 f5 17. Nc5 Bxd6 18. Nxd7 Qc7 19.
Nde5 Nf6 20. Re2 Nd5 21. g3 Re7 22. c4 Nf6 23. c5 Bxe5 24. Nxe5 Rd8 25. Rae1
Nd7 26. Nxd7 Qxd7 27. Qb3 Kf7 28. Re5 Rde8 29. Rxf5+ Kg6 30. Rf4 e5 31. Qd3+
Kg5 32. h4+ Kh6 33. Rf5 Qd5 34. Rh5+ Kxh5 35. Qf5+ Kh6 36. Qg5# 1-0

[Event "27e tournoi 1hKO"]
[Site "Montigny le Bretonneux"]
[Date "2025.06.01"]
[Round "8.10"]
[White "Conchou, Patrick"]
[Black "Ferreira-Yang, Maxime"]
[Result "1/2-1/2"]
[WhiteElo "1399"]
[BlackElo "1619"]
[Annotator "Rivier,Sylvain"]
[PlyCount "69"]
[EventDate "2025.??.??"]
[WhiteTeam "Echecs Club d'Orgeval"]
[BlackTeam "Club d'Echecs de Guyancourt"]

{Ouverture irrégulière} 1. b4 d5 2. Bb2 Bf5 3. e3 Nf6 4. c4 c6 5. Nf3 e6 6.
c5 b6 7. d4 b5 8. Be2 Be7 9. Nbd2 a5 10. a3 a4 11. Nh4 Bg6 12. Nxg6 hxg6 13. h3
Qc7 14. Qc2 Nbd7 15. O-O-O O-O-O 16. f4 Nh5 17. Nf1 f5 18. g4 Nhf6 19. g5 Ne4
20. Bd3 Rh4 21. Bxe4 fxe4 22. Rd2 Rdh8 23. Rdh2 Kb7 24. Bc3 Qb8 25. Be1 R4h7
26. Qg2 Rf8 27. Bg3 Rf5 28. h4 Qe8 29. Bf2 Rf8 30. Ng3 Rfh8 31. Ne2 Qf7 32. Ng3
Nf8 33. Kd2 Kc7 34. Ne2 Kb7 35. Ng3 1/2-1/2

[Event "27e tournoi 1hKO"]
[Site "Montigny le Bretonneux"]
[Date "2025.06.??"]
[Round "8.11"]
[White "Corbillet, Mathieu"]
[Black "Cros, Isidore"]
[Result "1-0"]
[WhiteElo "1652"]
[BlackElo "1439"]
[Annotator "Rivier,Sylvain"]
[PlyCount "60"]
[EventDate "2025.??.??"]
[WhiteTeam "La Dame Noire"]
[BlackTeam "Le Petit Pouchet Paris"]

{Défense française, variante d'échange} 1. e4 e6 2. Nf3 d5 3. exd5 exd5 4.
d4 Bd6 5. Nc3 c6 6. Bd3 Nf6 7. h3 h6 8. O-O O-O 9. Re1 Be6 10. Bd2 Nbd7 11. Ne2
Qc7 12. c3 Rfe8 13. Qc1 Nh5 14. Bxh6 gxh6 15. Qxh6 Ndf6 16. g4 Bf4 17. g5 Ne4
18. Qxh5 Bf5 19. Nxf4 Qxf4 20. Bxe4 Bxe4 21. Ne5 Re6 22. Re3 Qf5 23. Rg3 Rd8
24. Rc1 Rdd6 25. f3 Bd3 26. f4 Be4 27. Rf1 a6 28. Ng4 Kf8 29. Qh8+ Ke7 30. Nf6
Bd3 1-0

[Event "27e tournoi 1hKO"]
[Site "Montigny le Bretonneux"]
[Date "2025.06.01"]
[Round "8.12"]
[White "Gabory, Donatien"]
[Black "Meddour, Ithri"]
[Result "0-1"]
[WhiteElo "1299"]
[BlackElo "1562"]
[Annotator "Rivier,Sylvain"]
[PlyCount "50"]
[EventDate "2025.??.??"]
[WhiteTeam "Club d'Echecs de Guyancourt"]
[BlackTeam "Saint-Quentin en Yvelines"]

{Défense hollandaise} 1. d4 f5 2. c4 Nf6 3. Nc3 e6 4. Bf4 b6 5. Nb5 Bb4+ 6.
Bd2 Bxd2+ 7. Qxd2 a6 8. Nc3 Bb7 9. Nf3 O-O 10. d5 c5 11. Rd1 b5 12. e3 b4 13.
dxe6 bxc3 14. Qxc3 Qe7 15. exd7 Nbxd7 16. Qb3 Rfb8 17. Qa4 Bxf3 18. gxf3 Rxb2
19. Bd3 Ne5 20. Bxf5 Nxf3+ 21. Kf1 Re8 22. Rd7 Rxf2+ 23. Kxf2 Qxe3+ 24. Kg2
Nh4+ 25. Kf1 Qe1# 0-1

[Event "27e tournoi 1hKO"]
[Site "Montigny le Bretonneux"]
[Date "2025.06.01"]
[Round "8.13"]
[White "Couradin, Jean-Marie"]
[Black "Branson, James"]
[Result "1/2-1/2"]
[WhiteElo "1712"]
[BlackElo "1665"]
[Annotator "Rivier,Sylvain"]
[PlyCount "27"]
[EventDate "2025.??.??"]
[WhiteTeam "La Dame Noire"]
[BlackTeam "Club d'Echecs de Guyancourt"]

{Coups rares après é4-é5} 1. c4 e5 2. e4 Nc6 3. g3 Bc5 4. Bg2 Qf6 5. Nf3 h5
6. d3 Nd4 7. Nbd2 g5 8. Nxd4 Bxd4 9. Nf3 Bxf2+ 10. Kxf2 g4 11. Bg5 Qb6+ 12. Be3
Qf6 13. Bg5 Qb6+ 14. Be3 1/2-1/2

[Event "27e tournoi 1hKO"]
[Site "Montigny le Bretonneux"]
[Date "2025.06.01"]
[Round "8.14"]
[White "Pujol, Nicolas"]
[Black "Fasquelle, Yann"]
[Result "1-0"]
[WhiteElo "1654"]
[BlackElo "1516"]
[Annotator "Rivier,Sylvain"]
[PlyCount "58"]
[EventDate "2025.??.??"]
[WhiteTeam "CE Le Roi Soleil - Le Chesnay - Versailles"]
[BlackTeam "Saint-Quentin en Yvelines"]

{Ouverture anglaise, variante Mikenas-Carls} 1. c4 Nf6 2. Nc3 e6 3. e4 d6 4. g3
Be7 5. Bg2 Bd7 6. Nge2 O-O 7. O-O Nc6 8. d3 Rb8 9. h3 a6 10. a4 Ne5 11. a5 Qc8
12. f4 Ng6 13. Be3 e5 14. f5 Nh8 15. g4 b5 16. axb6 cxb6 17. Ng3 Bc6 18. Qf3
Qb7 19. g5 Nd7 20. Nh5 Nc5 21. f6 Nxd3 22. Nxg7 Rfc8 23. fxe7 Qxe7 24. Nf5 Qe6
25. Nd5 Bxd5 26. cxd5 Qd7 27. Qh5 Ng6 28. Qh6 f6 29. gxf6 Rf8 1-0

[Event "27e tournoi 1hKO"]
[Site "Montigny le Bretonneux"]
[Date "2025.06.??"]
[Round "8.15"]
[White "Ouaddi, Oussama"]
[Black "Nguyen-Vany, Jean"]
[Result "0-1"]
[WhiteElo "1566"]
[BlackElo "1653"]
[Annotator "Rivier,Sylvain"]
[PlyCount "34"]
[EventDate "2025.??.??"]
[WhiteTeam "Club d'Echecs de Triel sur Seine"]
[BlackTeam "Echiquier Médocain"]

{Défense hollandaise} 1. c4 e6 2. Nc3 f5 3. d4 Nf6 4. Nf3 c6 5. a3 d5 6. c5
Nbd7 7. e3 b6 8. b4 a5 9. Bb2 b5 10. Be2 a4 11. Ng5 Qe7 12. Nf3 g6 13. h3 Bg7
14. Rb1 Nh5 15. Na2 Nhf6 16. Nc3 Ne4 17. Nxe4 fxe4 0-1

[Event "27e tournoi 1hKO"]
[Site "Montigny le Bretonneux"]
[Date "2025.06.01"]
[Round "8.16"]
[White "Moulun, Raphael"]
[Black "Badjate, Nishchal"]
[Result "1-0"]
[WhiteElo "1597"]
[BlackElo "1470"]
[Annotator "Rivier,Sylvain"]
[PlyCount "65"]
[EventDate "2025.??.??"]
[WhiteTeam "La Dame Noire"]
[BlackTeam "La Dame Noire"]

{Ouverture anglaise, défense anglo-indienne} 1. f4 Nf6 2. c4 d5 3. cxd5 Nxd5
4. Nf3 c5 5. Nc3 Nc6 6. e3 a6 7. Bc4 Nxc3 8. bxc3 g6 9. Ng5 e6 10. O-O b5 11.
Be2 Bg7 12. Bf3 Bd7 13. d4 Rc8 14. Ba3 e5 15. Bxc5 exd4 16. Qb3 Qf6 17. exd4
Nd8 18. Rfe1+ Ne6 19. Bd6 h6 20. Nxe6 Bxe6 21. Bd5 Kd7 22. Be5 Qf5 23. Bxe6+
fxe6 24. Bxg7 Rh7 25. Be5 Qd3 26. d5 exd5 27. Red1 Qe3+ 28. Kh1 Ke7 29. Qxd5
Rf7 30. Qd7+ Kf8 31. Qxc8+ Ke7 32. Qd7+ Kf8 33. Qd8# 1-0

[Event "27e tournoi 1hKO"]
[Site "Montigny le Bretonneux"]
[Date "2025.06.01"]
[Round "8.17"]
[White "Hajjouj, Mouhcine"]
[Black "Hellal, Ayoub"]
[Result "1-0"]
[WhiteElo "1592"]
[BlackElo "1299"]
[Annotator "Rivier,Sylvain"]
[PlyCount "47"]
[EventDate "2025.??.??"]
[WhiteTeam "Cercle Echiquier Pertuisien"]
[BlackTeam "La Dame Noire"]

1. c4 Nf6 2. Nf3 Nc6 3. d4 d6 4. g3 Bf5 5. Bg2 Nb4 6. Qa4+ Nc6 7. d5 Qd7 8.
dxc6 bxc6 9. Nd4 Be4 10. Bxe4 Nxe4 11. Qxc6 Rd8 12. Qxe4 c5 13. Nb3 e5 14. O-O
Be7 15. Nc3 O-O 16. h4 f5 17. Qg2 f4 18. Nd5 fxg3 19. fxg3 Rxf1+ 20. Qxf1 Bf8
21. Be3 Qg4 22. Nc3 Qxg3+ 23. Qg2 Qxh4 24. Nd2 {suite illisible} 1-0

[Event "27e tournoi 1hKO"]
[Site "Montigny le Bretonneux"]
[Date "2025.06.01"]
[Round "8.18"]
[White "El Hamoui, Noah"]
[Black "Elie, Nicolas"]
[Result "0-1"]
[WhiteElo "1299"]
[BlackElo "1490"]
[Annotator "Rivier,Sylvain"]
[PlyCount "38"]
[EventDate "2025.??.??"]
[WhiteTeam "Saint-Quentin en Yvelines"]
[BlackTeam "Club d'Echecs de Guyancourt"]

{Défense Ponziani} 1. e4 e5 2. Nf3 Nc6 3. d4 exd4 4. Bc4 Bc5 5. c3 dxc3 6.
Bxf7+ Kxf7 7. Qd5+ Ke8 8. Qxc5 d6 9. Qxc3 Nge7 10. Qxg7 Rg8 11. Qxh7 Be6 12.
O-O Qd7 13. Nc3 Bh3 14. Qh5+ Kd8 15. Bg5 Qg4 16. Qxh3 Qxh3 17. Bxe7+ Kxe7 18.
Nd5+ Kf7 19. Nf4 Qg4 0-1

[Event "27e tournoi 1hKO"]
[Site "Montigny le Bretonneux"]
[Date "2025.06.01"]
[Round "8.19"]
[White "Bellabas, Alia"]
[Black "Adsul, Tanush"]
[Result "0-1"]
[WhiteElo "1399"]
[BlackElo "1299"]
[Annotator "Rivier,Sylvain"]
[PlyCount "61"]
[EventDate "2025.??.??"]
[WhiteTeam "Club d'Echecs Perrotin"]
[BlackTeam "La Dame Noire"]

{Défense Pirc} 1. e4 d6 2. d4 Nf6 3. Nf3 g6 4. Bc4 Nxe4 5. O-O Bg7 6. Bd3 Nf6
7. h3 b6 8. Be4 Nxe4 9. Nc3 Nxc3 10. bxc3 Bb7 11. Bb2 Nd7 12. Re1 O-O 13. Qd3
c5 14. d5 e5 15. Rab1 Nf6 16. Qe3 Nxd5 17. Qg5 e4 18. Qxd8 Rfxd8 19. Rxe4 Nxc3
20. Re3 Nxb1 21. Bxg7 Kxg7 22. Re1 Bxf3 23. gxf3 d5 24. f4 Kf6 25. Re5 d4 26.
Kg2 Re8 27. Rg5 h6 28. Rg4 Re2 29. Kg3 Nc3 30. Kf3 Rae8 31. h4 0-1